| 000 | 02713nam a2200229Ia 4500 | ||
|---|---|---|---|
| 003 | OSt | ||
| 005 | 20250610101425.0 | ||
| 008 | 210210b1987 xxu||||| |||| 00| 0 eng d | ||
| 040 | _cAL | ||
| 041 | _aKannada | ||
| 082 | _aK894.3 DUGP | ||
| 100 |
_aDU GARD (Roger Martin) _dರೋಜರ್ ಮಾರ್ಟಿನ್ ಡು ಗಾರ್ಡ್ _9213847 |
||
| 245 |
_aPost man _bಪೋಸ್ಟ್ ಮ್ಯಾನ್ |
||
| 260 |
_aBengaluru _bJagat Sahitya Manjari _c1987 |
||
| 300 | _aviii,150 | ||
| 520 | _aಖ್ಯಾತ ವಿಮರ್ಶಕ-ಲೇಖಕ ಎಸ್.ದಿವಾಕರ್ ಅವರ ‘ಪೋಸ್ಟ್ ಮ್ಯಾನ್’ ಒಂದು ಅನುವಾದಿತ ಕೃತಿ. ರೋಜರ್ ಮಾರ್ತಿನ್ ದ್ಯು ಗಾರ್ ಸಾಹಿತ್ಯದ ಅಸಲು ಕಸಬಿಗೆ ಬದ್ಧನಾಗಿ ಬರೆದ 1937ರಲ್ಲಿ ನೊಬೆಲ್ ಸಾಹಿತ್ಯ ಪ್ರಶಸ್ತಿ ಪಡೆದ ಪ್ರಸಿದ್ಧ ಫ್ರೆಂಚ್ ಲೇಖಕ. ಸುತ್ತಲಿನ ಜಗತ್ತಿನ ಬಗ್ಗೆ ವ್ಯಕ್ತಿನಿರಪೇಕ್ಷ ಶೈಲಿಯನ್ನು ಅನುಸರಿಸಿದಾಗ ಮಾತ್ರ ನಿಜವಾದ ವಾಸ್ತವಿಕತೆಯನ್ನು ಹಿಡಿಯಬಹುದೆಂದ ಈತ ಇನ್ನೊಬ್ಬ ಫ್ರೆಂಚ್ ಲೇಖಕ ಕಮೂನ ದೃಷ್ಟಿಯಲ್ಲಿ “ನಮ್ಮ ಶಾಶ್ವತ ಸಮಕಾಲೀನ”. ಪ್ರಸ್ತುತ ಕಾದಂಬರಿ ಹೊರನೋಟಕ್ಕೆ ತುಂಬ ಗೌರವಾನ್ವಿತರಾಗಿ ಕಾಣುವ, ಆದರೆ ಒಳಗೆ ಅತ್ಯಂತ ಹೀನ ರೀತಿಯಲ್ಲಿ ಬದುಕುತ್ತಿರುವ ಪುಟ್ಟ ಹಳ್ಳಿಯೊಂದರ ಜನರನ್ನು ಅತ್ಯದ್ಭುತ ರೀತಿಯಲ್ಲಿ ಚಿತ್ರಿಸುತ್ತದೆ. ಪ್ರಾಣಿ-ಪ್ರತಿಮೆಗಳ ಮೂಲಕ ಅನಾವರಣಗೊಳ್ಳುವ ಇಲ್ಲಿನ ಪಾತ್ರಗಳ ಭೌತಿಕ, ನೈತಿಕ ವಿಕಲತೆಗಳು ಮನುಷ್ಯನಲ್ಲಿ ಅಂತರ್ಗತವಾಗಿರುವ ಕೆಡುಕನ್ನು ಪ್ರತಿಫಲಿಸುವುದರಿಂದಲೇ ಅವುಗಳಿಗೆ ವಿಶಿಷ್ಟ ರೂಪಕಶಕ್ತಿಯಿದೆ ಎಂಬುದಾಗಿ ಲೇಖಕ ಎಸ್ ದಿವಾಕರ್ ತಮ್ಮ ಕೃತಿಯಲ್ಲಿ ಬರೆದುಕೊಂಡಿದ್ದಾರೆ. | ||
| 650 |
_aDivakar Es _9213848 |
||
| 690 |
_aKannada Fiction _9213849 |
||
| 700 |
_aS Divakar _d ಎಸ್ ದಿವಾಕರ್ _9213850 |
||
| 906 | _a040011 | ||
| 942 |
_2ddc _cBK |
||
| 999 |
_c89933 _d89933 |
||